| 000 | 01714cam a22004457a 4500 | ||
|---|---|---|---|
| 001 | 000092891 | ||
| 003 | CHAP | ||
| 005 | 20220329142909.0 | ||
| 008 | 050120d2004 mx bd r 00110 spa d | ||
| 010 | _a89357 | ||
| 011 | _a90329 | ||
| 035 | _a100885 | ||
| 040 | _cCHAP | ||
| 090 | _aTesis | ||
| 100 | 0 | 0 |
_aPeréz Corona, Javier. _987208 |
| 245 | 1 | 0 |
_aConsultoria agropecuaria : _buna alternativa para el desarrollo de las unidades de producción del estado de Nayarit / _c/por Javier Peréz Corona y Juan Manuel Vidal Altamirano. |
| 260 |
_aChapingo, Méx. : _bEl autor, _c2004. |
||
| 300 |
_a91h. : _bmapa ; cuadros ; diagrama. |
||
| 502 | _aTesis (Lic. en Administración de Empresas Agropecuarias) -- UACH. División de Ciencias Económico Administrativas | ||
| 590 |
_aALEPH _b10 _c20130110 _lUCH01 _h1503 |
||
| 590 |
_aBATCH-UPD _b10 _c20130110 _lUCH01 _h0603 |
||
| 590 |
_aBATCH-UPD _b10 _c20130410 _lUCH01 _h0245 |
||
| 590 |
_aBATCH-UPD _b10 _c20130914 _lUCH01 _h0419 |
||
| 590 |
_aBATCH-UPD _b10 _c20140324 _lUCH01 _h1448 |
||
| 590 |
_aBATCH-UPD _b10 _c20141002 _lUCH01 _h0824 |
||
| 590 |
_aCONVERSION _b10 _c20130109 _lUCH01 _h1349 |
||
| 590 |
_aE792CSJ _b10 _c20130625 _lUCH01 _h1115 |
||
| 650 | 1 | 4 |
_aAsesoría. _97894 |
| 650 | 1 | 4 |
_aAyuda técnica. _99035 |
| 650 | 1 | 4 |
_aEmpresas agropecuarias. _936649 |
| 650 | 1 | 4 |
_aNegocios. _980696 |
| 700 | 0 |
_aVidal Altamirano, Juan Manuel. _9119220 |
|
| 856 |
_3Finding aid _uhttp://10.13.5.2/tesis/100885.pdf _zTeclea aquí |
||
| 901 | _aBK | ||
| 905 | _aMarco A. Mendoza T. | ||
| 942 | _cCD | ||
| 942 | _n0 | ||
| 949 |
_aTesis _bBC _cTES _d1008851 _eTS1 _gDonaciØn _h43172 _i100885 _sb |
||
| 949 |
_aTesis _bBC _cTES _d33724000943908 _eTS2 _fc.2 _gDonaciØn _h43173 _i100885 _si |
||
| 999 |
_c89357 _d89357 |
||